00728 2200169 4500245003900000020002100039250001100060100001600071650001700087005001900104260002800123041001400151084000800165300002200173500035400195336000900549 aKeep Holding OncUtami IchdahText a978-602-375-0610 aCet. 1 aUtami Ichda aNovel Remaja a20231010111419 aJakartabGrasindoc2015 aIndonesia a813 a64 hlm. :c19 cm. aakku dan aurel adalah saudara kembar.kami mempunyai minat yabng berbeda.awalnya aku mengira itu adalah hal sepele, hingga suatu saat aku sadar bahwa perbedaan minat menjadi dinding pemisah anatara aku dan aurel.kau tahu? ada satu hal yang kuinginkanlebih dari apa pun di dunia ini.aku ingin aurel dekat dengaku seperti bunga dekat dengan tangkainya. atext